Loading...
Literature - European Literature | 1 | 1 | 0 | 0 | 25 | 27 | 81.00 | 2 | 2 |
Literature - American Literature | 0 | 2 | 0 | 2 | 20 | 141 | 141.50 | 1 | 2 |
Literature - World Literature | 0 | 2 | 0 | 0 | 20 | 80 | 109.00 | 0 | 2 |
Other Academic | 0 | 2 | 0 | 1 | 20 | 80 | 103.50 | 0 | 2 |
Beliefs | 0 | 2 | 0 | 1 | 20 | 107 | 118.00 | 1 | 2 |
Science - Biology | 0 | 1 | 0 | 0 | 10 | 113 | 113.00 | 1 | 1 |
Fine Arts - Other Arts | 0 | 1 | 0 | 0 | 10 | 115 | 115.00 | 1 | 1 |
History - Ancient History | 0 | 1 | 0 | 0 | 10 | 127 | 127.00 | 0 | 1 |
History - World History | 0 | 1 | 0 | 1 | 10 | 143 | 143.00 | 0 | 1 |
Literature - British Literature | 0 | 1 | 0 | 0 | 10 | 109 | 109.00 | 0 | 1 |